Etapas de la modernización en Latinoamérica (Registro nro. 16094)
[ vista simple ]
| 000 -LEADER | |
|---|---|
| fixed length control field | 00332 a2200109 4500 |
| 001 - CONTROL NUMBER | |
| control field | ART_2967 |
| 005 - DATE AND TIME OF LATEST TRANSACTION | |
| control field | 20260410161711.0 |
| 008 - FIXED-LENGTH DATA ELEMENTS--GENERAL INFORMATION | |
| fixed length control field | 260409a |
| 100 1# - MAIN ENTRY--PERSONAL NAME | |
| Personal name | Germani, Gino |
| 245 10 - TITLE STATEMENT | |
| Title | Etapas de la modernización en Latinoamérica |
| 773 0# - HOST ITEM ENTRY | |
| Title | Desarrollo económico |
| Related parts | - Vol. 9, Nº 33 (abr./jun. 1969) |
| Record control number | REV1174 |
No hay ítems disponibles.